Competitividad de las exportaciones ecuatorianas : período 2007-2019 /

সংরক্ষণ করুন:
গ্রন্থ-পঞ্জীর বিবরন
প্রধান লেখক: Pauta Ortiz, Juan Carlos (autor.)
অন্যান্য লেখক: Abril Fajardo, Ximena Catalina (autor.), Ortiz Vidal, Marisol Katherine (autor.)
বিন্যাস: বৈদ্যুতিন গ্রন্থ
ভাষা:স্প্যানিশ
প্রকাশিত: Cuenca : Universidad del Azuay, 2025.
বিষয়গুলি:
অনলাইন ব্যবহার করুন:https://elibro.unach.elogim.com/es/lc/unach/titulos/287814
ট্যাগগুলো: ট্যাগ যুক্ত করুন
কোনো ট্যাগ নেই, প্রথমজন হিসাবে ট্যাগ করুন!

MARC

LEADER 00000nam a2200000 i 4500
001 ELB287814
003 FINmELB
005 20251022115457.0
006 m o u
007 cr cn|||||||||
008 251022s2025 ec a ob 000 0 spa d
020 |z 9789942670663 
020 |a 9789942670670  |q (e-book) 
035 |a (OCoLC)1546814311 
040 |a FINmELB  |b spa  |e rda  |c FINmELB 
050 1 4 |a HF3436.5  |b P335 2025 
080 |a 382(866) 
082 0 4 |a 382.09866  |2 23 
100 1 |a Pauta Ortiz, Juan Carlos,  |e autor. 
245 1 0 |a Competitividad de las exportaciones ecuatorianas :  |b período 2007-2019 /  |c Juan Carlos Pauta Ortiz, Ximena Catalina Abril Fajardo, Marisol Katherine Ortiz Vidal. 
264 1 |a Cuenca :  |b Universidad del Azuay,  |c 2025. 
300 |a 1 recurso en línea (183 páginas) :  |b ilustraciones color 
336 |a texto  |b txt  |2 rdamedia/spa 
337 |a computadora  |b c  |2 rdamedia/spa 
338 |a recurso en línea  |b cr  |2 rdacarrier/spa 
504 |a Contiene bibliografía. 
588 |a Descripción basada en metadatos suministrados por el editor y otras fuentes. 
590 |a Recurso electrónico. Santa Fe, Arg.: elibro, 2025. Disponible vía World Wide Web. El acceso puede estar limitado para las bibliotecas afiliadas a elibro. 
650 4 |a Exportaciones  |z Ecuador. 
650 4 |a Comercio internacional. 
655 4 |a Libros electrónicos. 
700 1 |a Abril Fajardo, Ximena Catalina,  |e autor. 
700 1 |a Ortiz Vidal, Marisol Katherine,  |e autor. 
797 2 |a elibro, Corp. 
856 4 0 |u https://elibro.unach.elogim.com/es/lc/unach/titulos/287814